000 00837cab a2200253 4500
001 X3785
008 090401t1996 xxu||||| |||| 00| 0 eng d
035 _a(Sirsi) u32792
041 _aeng
110 _aNew Zealand Institute of Quantity Surveyors
_9545
245 _aNZIQS - Valuation for insurance purposes - pro forma
260 _c1996
350 _a0
490 _aThe Quantity Surveyor (New Zealand)
_vSpring 1996, 33-37(6)
520 _aForm with guidance notes for use by members of the New Zealand Institute of Quantity Surveyors.
650 _aINSURANCE VALUATION REPORTS
650 _aINSURANCE VALUATIONS
650 _aNEW ZEALAND INSTITUTE OF QUANTITY SURVEYORS
650 _aVALUATION METHODS
690 _aOVERSEAS-REST OF THE WORLD
690 _aRATING AND VALUATION
942 _n0
948 _c04/03/1997
999 _c21916
_d21916